Atalantica/ (Record no. 3405)

MARC details
000 -LEADER
campo de control de longitud fija 01732nam a22005417a 4500
003 - IDENTIFICADOR DE NÚMERO DE CONTROL
campo de control OSt
005 - FECHA Y HORA DE LA ÚLTIMA TRANSACCIÓN
campo de control 20230420122416.0
008 - DATOS DE LONGITUD FIJA--INFORMACIÓN GENERAL
campo de control de longitud fija 221006b |||||||| |||| 00| 0 eng d
040 ## - FUENTE DE CATALOGACIÓN
Centro/agencia transcriptor Biblioteca Lado V
082 ## - NÚMERO DE LA CLASIFICACIÓN DECIMAL DEWEY
Número de clasificación 700
Número de ítem Z39a
100 ## - ENTRADA PRINCIPAL--NOMBRE DE PERSONA
9 (RLIN) 802
Nombre de persona Zaya, Antonio
Término indicativo de función/relación editor
-- director
245 ## - MENCIÓN DEL TÍTULO
Título Atalantica/
Resto del título Revista de Arte y Pensamiento/
260 ## - PUBLICACIÓN, DISTRIBUCIÓN, ETC.
Nombre del editor, distribuidor, etc. Centro Atlantico de Arte Moderno
Fecha de publicación, distribución, etc. 1998
Lugar de publicación, distribución, etc. España
300 ## - DESCRIPCIÓN FÍSICA
Dimensiones 24x30cm
Extensión 192p.
366 ## - INFORMACIÓN SOBRE DISPONIBILIDAD COMERCIAL
Nota fre
366 ## - INFORMACIÓN SOBRE DISPONIBILIDAD COMERCIAL
Nota eng
490 ## - MENCIÓN DE SERIE
Designación de volumen o secuencia 1998
Número Internacional Normalizado para Publicaciones Seriadas 1132-8428
Mención de serie 21
505 ## - NOTA DE CONTENIDO CON FORMATO
Título Preguntas
505 ## - NOTA DE CONTENIDO CON FORMATO
Título Alfredo Jaar
505 ## - NOTA DE CONTENIDO CON FORMATO
Título El sueño de la razon
505 ## - NOTA DE CONTENIDO CON FORMATO
Título Ernesto Neto
505 ## - NOTA DE CONTENIDO CON FORMATO
Título Door into de Darkness
505 ## - NOTA DE CONTENIDO CON FORMATO
Título Eulalia Valldosera
505 ## - NOTA DE CONTENIDO CON FORMATO
Título Vulgo
505 ## - NOTA DE CONTENIDO CON FORMATO
Título Arte Arabe
505 ## - NOTA DE CONTENIDO CON FORMATO
Título Mona Hatoum
505 ## - NOTA DE CONTENIDO CON FORMATO
Título Rachid Koraichi
505 ## - NOTA DE CONTENIDO CON FORMATO
Título La Realidad Absoluta
505 ## - NOTA DE CONTENIDO CON FORMATO
Título Robert Rauschenberg
505 ## - NOTA DE CONTENIDO CON FORMATO
Título Proyecto de Pablo Reinoso
505 ## - NOTA DE CONTENIDO CON FORMATO
Título Sergio Brito
505 ## - NOTA DE CONTENIDO CON FORMATO
Título Proyecto de Nuria Manso
505 ## - NOTA DE CONTENIDO CON FORMATO
Título Nicola Costantino
505 ## - NOTA DE CONTENIDO CON FORMATO
Título Conversación con Billy Hare
505 ## - NOTA DE CONTENIDO CON FORMATO
Título Paco Sanchez
505 ## - NOTA DE CONTENIDO CON FORMATO
Título Angola
505 ## - NOTA DE CONTENIDO CON FORMATO
Título Dak'Art 98
650 ## - PUNTO DE ACCESO ADICIONAL DE MATERIA--TÉRMINO DE MATERIA
Fuente del encabezamiento o término Tesauro de Arte & Arquitectura
Término de materia o nombre geográfico como elemento de entrada ARTE
9 (RLIN) 703
650 ## - PUNTO DE ACCESO ADICIONAL DE MATERIA--TÉRMINO DE MATERIA
Fuente del encabezamiento o término Tesauro de Arte & Arquitectura
Término de materia o nombre geográfico como elemento de entrada EXPOSICIONES
650 ## - PUNTO DE ACCESO ADICIONAL DE MATERIA--TÉRMINO DE MATERIA
Fuente del encabezamiento o término Tesauro de Arte & Arquitectura
Término de materia o nombre geográfico como elemento de entrada CULTURA
650 ## - PUNTO DE ACCESO ADICIONAL DE MATERIA--TÉRMINO DE MATERIA
Fuente del encabezamiento o término Tesauro de Arte & Arquitectura
Término de materia o nombre geográfico como elemento de entrada APRECIACION
650 ## - PUNTO DE ACCESO ADICIONAL DE MATERIA--TÉRMINO DE MATERIA
Fuente del encabezamiento o término Tesauro de Arte & Arquitectura
Término de materia o nombre geográfico como elemento de entrada TEORIA
650 ## - PUNTO DE ACCESO ADICIONAL DE MATERIA--TÉRMINO DE MATERIA
Fuente del encabezamiento o término Tesauro de Arte & Arquitectura
Término de materia o nombre geográfico como elemento de entrada CRITICA
650 ## - PUNTO DE ACCESO ADICIONAL DE MATERIA--TÉRMINO DE MATERIA
Fuente del encabezamiento o término Tesauro de Arte & Arquitectura
Término de materia o nombre geográfico como elemento de entrada FOTOGRAFIA
9 (RLIN) 702
650 ## - PUNTO DE ACCESO ADICIONAL DE MATERIA--TÉRMINO DE MATERIA
Fuente del encabezamiento o término Tesauro de Arte & Arquitectura
Término de materia o nombre geográfico como elemento de entrada LITERATURA
650 ## - PUNTO DE ACCESO ADICIONAL DE MATERIA--TÉRMINO DE MATERIA
Fuente del encabezamiento o término Tesauro de Arte & Arquitectura
Término de materia o nombre geográfico como elemento de entrada ESPAÑA
942 ## - ELEMENTOS DE ENTRADA SECUNDARIOS (KOHA)
Fuente del sistema de clasificación o colocación Clasificación Decimal Dewey
Tipo de ítem Koha Libros
Parte de la signatura que corresponde a la clasificación (Parte de la clasificación) 700
Parte de la signatura que identifica el ejemplar (Parte del ítem) Z39a
Suprimir en OPAC No
Holdings
Estatus retirado Estado de pérdida Fuente del sistema de clasificación o colocación Especificación de materiales (volumen encuadernado u otra parte) Estado de daño No para préstamo Colección Biblioteca de origen Biblioteca actual Fecha de adquisición Número de inventario Total de préstamos Signatura topográfica completa Código de barras Visto por última vez Precio de reemplazo Tipo de ítem Koha
    Clasificación Decimal Dewey 1998     Revistas Biblioteca LadoV Biblioteca LadoV 20/04/2023 003575   700 Z39a 003575 20/04/2023 20/04/2023 Libros